[Event "Bundesliga 0102"]
[Site "Germany"]
[Date "2001.11.25"]
[Round "4.1"]
[White "Piket, Jeroen"]
[Black "Dautov, Rustem"]
[Result "1-0"]
[WhiteElo "2630"]
[BlackElo "2630"]
[Annotator "Dautov,R"]
[PlyCount "103"]
[EventDate "2001.10.06"]
[EventType "team-tourn"]
[EventRounds "15"]
[EventCountry "GER"]
[SourceTitle "CBM 087"]
[Source "ChessBase"]
[SourceDate "2002.03.21"]
[SourceVersion "1"]
[SourceVersionDate "2002.03.21"]
[SourceQuality "1"]
[WhiteTeam "Solingen"]
[BlackTeam "Godesberg"]
[WhiteTeamCountry "GER"]
[BlackTeamCountry "GER"]

1. d4 d5 2. c4 c6 3. Nf3 Nf6 4. e3 a6 5. Bd3 Bg4 6. Nbd2 {Eine scheinbar
schlichte Entwicklungsmethode, die zunehmend an Popularität gewinnt.} ({
Die andere Modefortsetzung ist} 6. Qb3) 6... Nbd7 7. Qc2 e6 8. b3 Bd6 9. Bb2
Bh5 ({Die Möglichkeiten von Weiß demonstriert gut die Stammpartie
Dreev-Topalov:} 9... Qc7 10. O-O Bh5 11. h3 O-O $2 (11... Bg6 $142) 12. c5 Be7
13. Ne5 Kh8 14. f4 Nxe5 15. fxe5 Nd7 16. Bxh7 g6 17. g4 $16 {Dreev,A-Topalov,V/
New Delhi/Theran 2000}) 10. O-O Qb8 $1 {Das beste Feld für die Dame. Schwarz
nimmt die Diagonale b8-h2 unter Kontrole und braucht dabei das eventuelle
c4-c5 nicht zu befürchten (Bd6-c7).} 11. h3 O-O 12. Rae1 (12. Ng5 h6 (12... Bg6
$5) 13. Ngf3 e5 14. cxd5 cxd5 15. dxe5 Nxe5 16. Nxe5 Bxe5 17. Bxe5 Qxe5 18.
Rac1 Qe7 19. Qb2 Rfc8 20. Bf5 $14 {Kramnik,V-Kasparov,G/Internet blitz 2001})
12... Re8 13. c5 (13. Nh4 e5 14. cxd5 cxd5 15. dxe5 Bxe5 16. f4 Bxb2 17. Qxb2
Qd8 $1 $11) 13... Bc7 14. b4 {Die Stellung von Schwarz ist gesund, dennoch
sollte man umsichtig spielen. So sollte er sich mit dem verlockenden Vorstoß
e6-e5 etwas Zeit lassen, da Weiß darauf stets mit e3-e4 die für ihn günstige
Zentrumsöffnung herbeiführen kann.} Bxf3 $6 {Zu optimistisch! Ich habe meine
Stellung vollkommen überschätzt.} ({Richtig war} 14... Bg6 $1 15. Bxg6 hxg6 16.
a4 (16. e4 dxe4 17. Nxe4 Nxe4 18. Qxe4 Nf6 19. Qh4 Qd8 $11) 16... b5 $1 ({Auch
} 16... e5 17. e4 exd4 18. Bxd4 Ne5 19. exd5 Nxd5 {genügt zum Ausgleich.}) 17.
cxb6 Qxb6 18. Ba3 Bd6 $11) 15. Nxf3 e5 $2 ({Besser wäre es, abzuwarten, z.B.} 
15... h6 $14) 16. e4 $1 $14 dxe4 (16... exd4 $2 17. exd5 Nxd5 18. Bxh7+ $16)
17. Bxe4 exd4 (17... Nxe4 18. Rxe4 Nf6 (18... a5 19. dxe5 (19. a3 axb4 20. axb4
Nf6 $11) 19... axb4 20. Ng5 Nf8 21. Qb3 Re7 22. Rxb4 (22. e6 f6 23. Nf7 Qa7 $13
) 22... Bxe5 23. Re4 $16) 19. Rxe5 $5 (19. Ree1 exd4 (19... e4 $2 20. Ng5 $16)
20. Nxd4 Be5 21. Nf5 $14) 19... Bxe5 20. dxe5 Nd5 21. Ng5 g6 22. Ne4 $36 {Piket
}) 18. Bxd4 {Die weißen Figuren sind sehr aktiv, und Schwarz ist zu einer
langen Verteidigung verurteilt.} Nxe4 ({Der weiße Angriff kann schnell
gefährlich werden:} 18... a5 $2 19. Bf5 $1 axb4 20. Ng5 g6 21. Qb3 Rf8 22. Bxd7
Nxd7 23. Re7 $18) ({In Frage kam} 18... Ne5 $5 19. Qc3 (19. Nd2 Qd8 20. Qb2 $14
) 19... Nxe4 20. Rxe4 Nxf3+ 21. Qxf3 Rxe4 22. Qxe4 Qf8 23. Re1 Rd8 24. Bc3 $14)
19. Rxe4 Rxe4 20. Qxe4 Nf8 21. Re1 Qd8 (21... a5 22. Ba1 Ng6 (22... axb4 $2 23.
Qd4 f6 24. Re7 Qd8 25. Qc4+ Kh8 26. Qf7 $18) 23. b5 $1 cxb5 24. Nd4 $36) 22.
Bc3 $1 {Piket will seinen Druck verstärken, indem er seinen Springer über d4
nach f5 überführt.} ({Harmlos ist} 22. Qg4 Ng6 (22... f6 23. Nh4 $40) 23. h4
Qd5 24. h5 f5 25. Qg5 $4 Bf4 $19) 22... Qd7 (22... Ne6 $2 23. Qg4 g6 24. Rxe6
$1 fxe6 25. Qxe6+ Kf8 26. Bd2 Kg7 27. h4 Qd5 28. Ng5 $18) ({In Frage kamm die
Öffnung der a-Linie:} 22... a5 $5 23. a3 (23. b5 $5 cxb5 24. Qxb7 Rb8 25. Qe4
b4 $14) 23... axb4 24. axb4 Ra3 25. Bb2 Ra2 $14) 23. Nd4 Rd8 24. Nf5 f6 (24...
Ne6 $2 25. Qg4 g6 26. Qh4 $1 gxf5 27. Qf6 Nd4 28. Re7 $18) 25. Qc4+ (25. Qg4
Ng6 26. h4 Be5 $1 $11 (26... Qd3 $2 27. Nh6+ $1 Kf8 28. Bxf6 $1 $16)) 25... Kh8
26. Ne7 (26. Nh6 Qd5 27. Qh4 (27. Qxd5 Rxd5 $11) 27... Qd7 28. Qc4 Qd5 $11)
26... Ng6 27. Qf7 $6 {Zu diesem Zeitpunkt hatten wir beide nur wenige Minuten
Restbedenkzeit. Jeroen dachte, mit dem Textzug zu gewinnen und übersah die
einzige, aber ausreichende Verteidigung.} ({Es gab für Weiß nichts Besseres als
} 27. Nxg6+ hxg6 28. Qe4 Qf7 29. h4 {, und sein Vorteil hat nur einen
symbolischen Charakter.}) 27... Ne5 $8 28. Bxe5 Bxe5 {Plötzlich scheint
Schwarz in Vorteil zu sein.} 29. g4 $1 {Brilliant gespielt! Piket ließ sich
etwa eine Minute auf der Uhr, fand aber die beste Verteidigung.} Qd2 (29... Qe8
30. Qxe8+ Rxe8 31. Nf5 Bh2+ 32. Kf1 {führte zum Remis, aber ich wollte
plötzlich mehr.}) 30. Re3 Qd7 $6 {Hier entdeckte ich, daß das geplante 30...
Qxb4 zum Remis führt und fand nichts Besseres als diesen Rückzug der Dame.} ({
Angebracht war} 30... Qxb4 31. Nf5 Rg8 32. Ne7 $11) 31. Kg2 {/\g5} Qe8 $2 {
Und erneut war ich es, der aufpassen mußte! Diesmal war ich dieser Aufgabe
nicht gewachsen.} (31... Bf4 32. Re4 Bb8 (32... Be5 $2 33. g5 $18 {/\Ng6}) 33.
Ng6+ (33. h4 Be5 34. g5 Qd3 $11) 33... hxg6 34. Qxd7 Rxd7 35. Re8+ Kh7 36. Rxb8
g5 $11) (31... Bb8 $11) 32. Qxe8+ Rxe8 33. Nxc6 $1 {Diesen starken Zug habe
ich in Zeitnot glatt übersehen. Weiß bekommt einen beachtlichen
Endspielvorteil.} (33. Nf5 Rd8 34. Nd6 Bxd6 35. cxd6 Kg8 $11) 33... bxc6 34. f4
$16 Rb8 $2 ({Die besseren Überlebenschancen bot} 34... Kg8 35. fxe5 fxe5 36.
Ra3 Rb8 37. Rxa6 (37. Ra4 $2 Kf7 38. Kf3 Ke6 39. Ke4 g5 40. a3 Ra8 41. Ra5 Ra7
$11) 37... Rxb4 38. Kf3 Kf7 39. Rxc6 Ra4 $16) 35. fxe5 Rxb4 36. e6 $18 Rb8 37.
Rd3 (37. Ra3 $18) 37... Kg8 38. Rd6 Kf8 39. Rxc6 Rb2+ 40. Kf3 Rxa2 41. Rc7 {
Die Zeitnot war vorbei, und die Gewinnführung ist nicht schwer.} Ra3+ 42. Ke4
Rxh3 43. Rf7+ Ke8 44. Rxg7 (44. c6 $18) 44... Rc3 45. Kd5 Rd3+ 46. Kc4 Re3 47.
c6 Rxe6 48. c7 Rc6+ 49. Kd5 Rc1 50. Kd6 Rd1+ 51. Kc6 Rc1+ 52. Kb7 1-0

[Event "RUS-chT 03rd"]
[Site "Kazan"]
[Date "1995.??.??"]
[Round "1"]
[White "Filippov, Valerij"]
[Black "Dreev, Alexey"]
[Result "1-0"]
[WhiteElo "2510"]
[BlackElo "2670"]
[Annotator "Dolmatov,S"]
[PlyCount "95"]
[EventDate "1995.??.??"]
[EventType "team-tourn"]
[EventRounds "9"]
[EventCountry "RUS"]
[SourceTitle "CBM 051"]
[Source "ChessBase"]
[SourceDate "1996.04.01"]
[SourceVersion "1"]
[SourceVersionDate "1996.04.01"]
[SourceQuality "1"]
[WhiteTeam "Kemerovo SDYuShOR Politekhnik"]
[BlackTeam "Kazan Sberbank-Tatarstan"]
[WhiteTeamCountry "RUS"]
[BlackTeamCountry "RUS"]

1. Nf3 d5 2. d4 Nf6 3. c4 c6 4. Qc2 g6 5. Bf4 Na6 (5... Bg7 6. e3 O-O 7. Nbd2
Bf5 8. Qb3 Qb6 $10) 6. Nbd2 Bg7 7. e3 O-O 8. c5 $6 (8. Be2 c5 9. dxc5 (9. cxd5
Nxd5 10. dxc5 Nxf4 11. exf4 Bf5 $44) 9... Bf5 $13) 8... b6 9. Ne5 (9. cxb6 Qxb6
10. Rc1 Bf5 11. Qxc6 $2 Rfc8 $19) 9... Nb8 $1 (9... bxc5 10. Nxc6 Nb4 (10...
Qe8 11. Bb5 $40) 11. Qxc5) 10. Be2 (10. cxb6 Qxb6 (10... axb6 $2 11. Nxc6 Nxc6
(11... Bf5 12. Nxd8 Bxc2 13. Bxb8 Rxb8 14. Nc6 $16) 12. Qxc6 $16) 11. Bd3 Nh5
$15) (10. Rc1 Nh5 $132) 10... Nfd7 11. Nd3 (11. Nxd7 Nxd7 12. cxb6 Qxb6 13. Rc1
(13. Nb3 a5 14. Rc1 a4) 13... c5 $1 (13... Bb7 14. O-O Rac8 15. Nb3 $14) 14.
dxc5 Qxb2) 11... Ba6 12. Nb3 Bxd3 13. Bxd3 bxc5 14. dxc5 (14. Nxc5 Qa5+ 15. Ke2
Nxc5 16. dxc5 Nd7 $15) 14... a5 $15 15. O-O a4 16. Nd2 e5 (16... Ra5 17. b4
axb3 18. Nxb3 Ra7 19. Rab1) (16... Na6 $5 17. Bxa6 (17. Qxa4 Naxc5 18. Qc2 Nxd3
19. Qxd3 Bxb2 $17) 17... Rxa6 18. Rab1 e5 $15) 17. Bg3 Qa5 (17... Na6 $5) 18.
Rac1 Nxc5 $2 (18... Na6 19. Bxa6 Qxa6 20. f3 f5 21. e4 $15) 19. Qxc5 Qxd2 20.
Rfd1 Qa5 (20... Qxb2 21. Rb1 Qxa2 22. Ra1 $10) 21. e4 d4 (21... dxe4 22. Bxe4
f5 23. Bb1 $14) 22. Rc2 Re8 23. f4 Qxc5 24. Rxc5 exf4 25. Bxf4 Bf8 26. Rc2 $44
c5 27. Rf2 (27. Bxb8 $2 Raxb8 28. Re2 Bh6 $17) 27... Nc6 28. Rdf1 $6 (28. Bc4)
(28. Bb5 $5 Rec8 29. Bc4) 28... Na5 (28... Nb4 29. Bc4 $40) 29. e5 (29. Bc7 c4
30. Bxa5 cxd3 31. Bd2 Rxe4 $17) 29... c4 30. Be4 Ra7 31. Rc2 d3 32. Rcc1 Rd7 $6
(32... Bc5+ 33. Kh1 Bd4 $17) 33. Kf2 a3 34. bxa3 Bxa3 35. Rb1 Rd4 $2 (35... f5
$5 36. Bf3 c3 37. Rb5 c2 38. Rxa5 d2 $17) 36. Ke3 Rdd8 (36... Bc5 37. Rb5 $16)
37. Rb5 $16 d2 38. Rxa5 Bb2 39. Rb5 c3 40. Bc2 $18 Ba3 41. Bg5 Rd7 42. Bf6 Ra7
43. Rfb1 Bd6 44. Kd3 Bf8 45. Kxc3 Rc8+ 46. Kxd2 Bh6+ 47. Ke1 Rxa2 48. Be4 1-0

[Event "URS-ch52 First League"]
[Site "Sverdlovsk"]
[Date "1984.11.??"]
[Round "?"]
[White "Vaisser, Anatoli"]
[Black "Gurgenidze, Bukhuti"]
[Result "1/2-1/2"]
[WhiteElo "2475"]
[BlackElo "2470"]
[Annotator "Dolmatov,S"]
[PlyCount "80"]
[EventDate "1984.11.15"]
[EventType "tourn"]
[EventRounds "15"]
[EventCountry "URS"]
[EventCategory "9"]
[SourceTitle "MCL"]
[Source "ChessBase"]
[SourceDate "1999.07.01"]
[SourceVersion "1"]
[SourceVersionDate "1999.07.01"]
[SourceQuality "1"]

1. d4 d5 2. Nf3 c6 3. c4 dxc4 4. e3 b5 5. a4 e6 6. axb5 cxb5 7. b3 Bb4+ 8. Bd2
Bxd2+ 9. Nbxd2 a5 10. bxc4 b4 11. Bd3 (11. c5 Nf6 (11... Ne7 12. Bb5+ Bd7 13.
Qa4 O-O 14. Ne5 Bxb5 15. Qxb5 Qc7 16. Ndc4 Nbc6 $14 {Neverov,V-Gurgenidze,B/
Tbilisi/1985/}) 12. Bb5+ Bd7 13. Qa4 O-O 14. Ne5 $14) 11... Nf6 12. Ne5 (12. g4
$5 Bb7 13. g5 Nfd7 14. h4 Qc7 15. c5 h6 16. Nc4 hxg5 17. Nd6+ Ke7 18. Rg1 $13 {
Lputian,S-Gurgenidze,B/USSR/1985/}) 12... Bb7 13. Qa4+ Nbd7 14. Qb5 Qc7 $8 (
14... Bxg2 $2 15. Rg1 $16) 15. Nb3 O-O 16. Rxa5 Rxa5 17. Qxa5 (17. Nxa5 Bxg2
18. Rg1 Ra8 $15) 17... Qxa5 18. Nxa5 Ra8 (18... Nxe5 $2 19. dxe5 Ra8 (19...
Bxg2 20. Rg1 Be4 21. exf6 Bxd3 22. Rxg7+ Kh8 23. Rg5 $16) 20. Nxb7 Ra1+ 21. Kd2
Rxh1 22. exf6 $16) 19. Nxd7 Nxd7 20. Nb3 Ra3 21. Bc2 Bxg2 22. Rg1 Bc6 23. Ke2 (
23. Kd2 $6 Nb6 $17) 23... Ra2 (23... Nb6 24. Nd2 Rc3 25. Bb3 $13) 24. Rc1 Ba4
25. Kd3 Nb6 26. f3 Kf8 27. e4 e5 $6 (27... g5 $1 28. e5 (28. c5 Bb5+ $17) 28...
Ke7 $17) 28. dxe5 (28. c5 $2 Bb5+ $17) 28... Nd7 29. Kd4 $8 Rb2 (29... Bxb3 30.
Bxb3 Rd2+ 31. Ke3 Rb2 32. Ba4 Nc5 (32... Nxe5 33. c5 $132) 33. Bb5 Rb3+ 34. Kd4
Ne6+ 35. Kd5 Rd3+ 36. Kc6 Rxf3 $132) 30. Na1 b3 31. Kc3 (31. Bd3 Rxh2 $19)
31... Rxc2+ 32. Nxc2 bxc2 33. Kb4 Bc6 34. Rxc2 Nxe5 35. Rc3 Nd7 36. Ra3 Ke7 37.
c5 g5 38. Kc4 Ne5+ 39. Kd4 Ke6 40. h4 f6 (40... f6 $15 41. h5 $6 f5 $17)
1/2-1/2

[Event "AUT-chT"]
[Site "Austria"]
[Date "1994.??.??"]
[Round "?"]
[White "Schroll, Gerhard"]
[Black "Donev, Ivo Hristov"]
[Result "1/2-1/2"]
[WhiteElo "2385"]
[BlackElo "2405"]
[Annotator "Donev,I"]
[PlyCount "87"]
[EventDate "1994.??.??"]
[EventType "team"]
[EventRounds "11"]
[EventCountry "AUT"]
[SourceTitle "CBM 041"]
[Source "ChessBase"]
[SourceDate "1994.08.01"]
[SourceVersion "1"]
[SourceVersionDate "1994.08.01"]
[SourceQuality "1"]

1. d4 d5 2. c4 Bf5 3. Nc3 e6 4. Nf3 c6 5. Qb3 Qb6 6. c5 Qxb3 7. axb3 Na6 8. e3
$146 Nb4 9. Kd2 Nf6 (9... f6 $5 {/\ e5}) (9... Be7 $5) 10. Ne5 Be7 (10... Nd7
11. Nd3 Bxd3 12. Bxd3 e5 $15 13. f3 Be7 $15) 11. f3 h5 (11... Nd7 12. Nd3 Bxd3
13. Bxd3 e5 $15) 12. Ra4 a5 13. Na2 Nxa2 (13... O-O $2 14. Nxb4 axb4 15. Rxb4
Ra7 16. Ra4 Rfa8 17. Ra3 $1 $14) 14. Rxa2 Nd7 15. Nxd7 Kxd7 16. Bd3 b6 (16...
Bxd3 17. Kxd3 b6 18. cxb6 Rhb8 19. Bd2 Rxb6 20. Rxa5 Rxb3+ 21. Kc2 Rxa5 22.
Kxb3 $1 $10) 17. Bxf5 (17. cxb6 $6 Bb4+ 18. Kc2 Bxd3+ 19. Kxd3 Rab8 20. Bd2
Rxb6 21. Bxb4 Rxb4 22. Kc2 Rhb8 23. Ra3 a4 $1 $17) 17... exf5 18. cxb6 Rhb8 (
18... Bb4+ $142 19. Kc2 Rab8 20. Bd2 (20. Rd1 Rhe8 21. Bd2 Bxd2 22. Kxd2 Rxb6
23. Ra3 a4 $17) 20... Rxb6 21. Bxb4 Rxb4 22. Rxa5 Re8 23. Kc3 Rb7 24. Re1 Kd6
$15) 19. Kc2 Bb4 20. Rd1 Rxb6 21. Bd2 Rab8 22. Bxb4 axb4 (22... Rxb4 $5 23. Rd3
R4b5 24. Ra3 Re8 {/\ Re6-g6}) 23. Ra7+ R6b7 24. Rda1 Kc7 25. Kd3 g6 26. R1a4
Rxa7 27. Rxa7+ Rb7 28. Ra8 (28. Rxb7+ Kxb7 $17) 28... Rb8 29. Ra4 (29. Ra7+ $10
) 29... Rb7 30. Ra1 Rb8 31. Ke2 Rb7 32. Kf2 Kb6 33. Ra4 Kc7 34. Kg3 Kd6 35. h4
Kc7 36. Kf4 Kd6 37. Ra8 Rc7 38. Rd8+ Rd7 39. Rb8 Ra7 40. Rxb4 Ra2 41. Rb7 Rxb2
42. Rxf7 Rxg2 43. Rf6+ Kc7 44. Re6 1/2-1/2

[Event "Olympiad-40"]
[Site "Istanbul"]
[Date "2012.09.09"]
[Round "11.4"]
[White "Bu, Xiangzhi"]
[Black "Eljanov, Pavel"]
[Result "0-1"]
[WhiteElo "2670"]
[BlackElo "2693"]
[Annotator "Eljanov,P"]
[PlyCount "112"]
[EventDate "2012.08.28"]
[EventType "team-swiss"]
[EventRounds "11"]
[EventCountry "TUR"]
[SourceTitle "CBM 151"]
[Source "ChessBase"]
[SourceDate "2012.11.13"]
[SourceVersion "1"]
[SourceVersionDate "2012.11.13"]
[SourceQuality "1"]
[WhiteTeam "China"]
[BlackTeam "Ukraine"]
[WhiteTeamCountry "CHN"]
[BlackTeamCountry "UKR"]

{As always in recent years at the Olympiads, the last round begins in the
morning, but the day before was a rest day. Strange logic which I don't
understand.} 1. Nf3 d5 2. d4 Nf6 3. c4 c6 4. e3 {My opponent is a very solid
player. Besides the choice of this variation is well suited to the morning
game! Solid position, slightly uprated lines, the main fight is transferred to
the middlegame.} Bg4 5. h3 ({When choosing the plan with Qb3 White usually
plays it immediately:} 5. Qb3 Qc7 {because this move is supposed to be
dangerous here} (5... Qb6 {is the main move}) 6. Ne5 Bf5 7. cxd5 $36) 5... Bh5
6. Nc3 e6 7. Qb3 {I don't know whether my opponent was provoking me or mistook
the exact order of moves.} Qc7 $5 {Now this move is very much possible and a
very decent alternative to the main 7...Qb6.} 8. Bd2 {The only thing that I
knew about this position was the game between Bartel and Caruana from Aeroflot
Open 2012.} ({Fabiana lost but it's obvious that Black could play stronger:} 8.
Nh4 Nbd7 9. Bd2 Nb6 (9... g5 $5) 10. cxd5 exd5 11. Rc1 Bg6 12. Nxg6 hxg6 13.
Bd3 Be7 14. O-O Kf8 (14... g5 $5) 15. a4 a5 16. e4 dxe4 17. Nxe4 Rh5 18. Rfe1
Nxe4 19. Bxe4 Bd6 20. Qf3 Nxa4 21. Bxg6 Rh8 22. Bg5 {[%emt 0:00:07] 1-0 (22)
Bartel,M (2658) -Caruana,F (2736)/Moscow 2012/Mega2012 Update}) 8... Nbd7 9.
Rc1 Qb6 $1 {After much thought, I made this seemingly illogical move. It seems
that Black loses time but in fact White's rook is in many cases worse on c1
then a1. My engine likes this move very much also!} ({Another very possible
move is the typical} 9... Bxf3 10. gxf3 Nb6 11. cxd5 Nbxd5 (11... exd5 12. e4
$36) 12. Bd3 Be7 13. Ne2 {but in this complicated position I would prefer
White.}) (9... Nb6 10. cxd5 exd5 11. Ne5 $14) 10. cxd5 ({The most typical in
such position is} 10. g4 Bg6 11. Nh4 Be7 (11... Qxb3 12. axb3 Bb4 13. f3 a5 14.
Kf2 Ng8 $5 15. Be2 Ne7 {Black is solid also}) 12. Nxg6 hxg6 13. Bg2 g5 {
, with a rook on a1 this position is very well known. But it looks like this
extra move didn't help White at all: there is no possibility of castling
queenside and also after an eventual queen swap the white rook has no great
prospects on c1.} 14. O-O Kf8 $5 {Black is very much ok.}) 10... Qxb3 11. axb3
Nxd5 12. e4 $6 {The endgame is objectively equal, but this is a first
inaccuracy by White.} (12. Nxd5 {was better} exd5 13. Nh4 (13. b4 a6) (13. g4
Bg6 14. Nh4 Be4 15. f3 Be7 $1 $15) 13... f6 $5 14. Bd3 Bf7 15. O-O g6 16. b4 a6
17. Nf3 {White's knight will be transferred to c5 and after a swap there the
game will be dead drawn.}) 12... Nb4 {Now the white pawn structure is rather
unstable.} 13. Be3 Bxf3 14. gxf3 e5 $1 15. Ke2 (15. Bc4 exd4 16. Bxd4 f6 $15)
15... exd4 16. Bxd4 Nc5 17. Bxc5 Bxc5 18. Nd5 Nxd5 {I decided to give a choice
to my opponent. But there was a very decent alternative:} (18... Bd6 $5 {
during the game I thought that it should be an easy draw. But things are not
so simple. White should play energetically:} 19. Nxb4 Bxb4 20. Rd1 Ke7 21. f4 (
{if White plays slowly} 21. Bg2 Bd6 22. Rd2 Bf4 23. Rd3 a5 24. Rhd1 Rhd8 {
this endgame even without a rook is very unpleasant and maybe lost}) 21... Rad8
22. Bg2 Bc5 23. e5 Rd4 24. Rxd4 Bxd4 25. Rd1 $1 {in opposite-coloured bishop
endgames activity is more important than material} Bxb2 26. Kf3 Rf8 (26... f5
27. Bf1 a5 28. h4 {with enough counterplay}) 27. h4 f6 28. Bh3 fxe5 29. Rd7+
Ke8 30. Rxb7 Rxf4+ 31. Kg3 Bd4 32. f3 Kf8 33. Bf1 $44) 19. Rxc5 (19. exd5 $5 {
this looks scary but with precise and active play White probably should make a
draw:} b6 20. Bg2 $1 cxd5 21. f4 Rd8 22. Rhd1 d4 23. b4 $1 Bxb4 24. Rc7 O-O 25.
Rxa7) 19... Nc7 $6 {After this move the position will be equalised very soon.}
({A clearly stronger move is} 19... Nb4 $1 {where it's much easier to move my
pawns on the queenside} 20. Ke3 (20. Re5+ {is not effective here:} Kf8 21. Kd2
a5 22. Be2 b6 {and the white rook is in troubles}) 20... O-O-O 21. Be2 Kc7 22.
f4 Rd7 23. Rhc1 b6 24. R5c4 a5 $15 {and this endgame is rather unpleasant for
White.}) 20. Re5+ Kf8 21. Ke3 f6 22. Ra5 a6 23. f4 Rd8 24. Bc4 g6 25. Raa1 Ke7
26. h4 Ne6 27. h5 {My opponent also started to play ambitiously. Not a mistake
yet but it becomes complicated.} (27. Bxe6 Kxe6 28. Rad1 $11) 27... Nd4 28.
Rac1 $6 {But this is a step in the wrong direction.} (28. hxg6 hxg6 29. Rag1 $1
Nc2+ 30. Ke2 b5 31. Bd3 Rxh1 32. Rxh1 Nb4 33. Bb1 {and the position remains
balanced.}) 28... g5 $1 29. Rhd1 gxf4+ 30. Kxf4 b5 31. Bd3 (31. Bf1 c5 32. Rd3
Rhg8 33. Ke3 f5 34. exf5 Nxf5+ 35. Ke4 Nd6+ 36. Kf3 Rdf8+ 37. Ke2 Rg5 38. Re3+
Kd8 $15) 31... c5 32. Rc3 $2 (32. Rg1 $1 {was the last chance to get
counterchances} Nxb3 (32... Rhg8 33. e5 fxe5+ 34. Ke3 $1 h6 35. Rxg8 Rxg8 36.
Rxc5 Kd6 37. Rc3 a5 38. Be4) 33. Rg7+ Kd6 34. Rd1 Kc6 35. Rf7 Rd6 36. h6 {
and Black is better, but White has a very active rook and is very much in the
game.}) 32... Rhg8 $5 {I saw that I could collect a white pawn immediately,
but I decided to bring my rook into the game first. Probably it was the right
decision.} (32... b4 33. Rcc1 Nxb3 34. Rb1 a5 35. Ke3 Rd4 36. Bc2 Rxd1 37. Bxd1
Nd4 38. Ra1 Ra8 39. f4 $15) 33. Ke3 Rg5 34. Be2 (34. Rh1 h6 {White is very
passive.}) 34... Nxe2 35. Kxe2 Rxd1 36. Kxd1 Rxh5 37. b4 $5 cxb4 38. Rc7+ Kd6 (
{The engine's first line is} 38... Ke8 $5 {but it's simply impossible in my
opinion to make such a move before the time control. I was rather sceptical
about this move during analysys also but I was unable to prove anything to my
engine. The main variation is:} 39. Ra7 (39. Rc6 a5 40. Rxf6 a4 41. Rb6 b3 $19)
39... Rh1+ 40. Kd2 Rb1 $1 {The point. White can't hold both pawns} 41. Kc2 Rf1
42. Rxh7 Rxf2+ 43. Kb3 a5 44. Ra7 Rf3+ $1 45. Ka2 a4 46. Rb7 Re3 47. Rxb5 Rxe4
48. Ra5 Kf7 $1 (48... b3+ $4 49. Ka3 Kf7 50. Rf5 $1 $11) 49. Rxa4 f5 $19) 39.
Ra7 Rh1+ 40. Kd2 Ra1 41. Rxh7 {Fortunately we passed the time control just in
time as this is the key moment of the whole rook endgame.} a5 $1 {I calculated
some variations and found the safest and easiest way for a win.} (41... Rf1 $1
{was probably also winning, but it gives White more possibilities and the main
variation is not so simple to calculate.} 42. Ra7 (42. Ke3 Rb1 43. Rf7 a5 44.
Rxf6+ Kc5 45. Rf8 b3 $19) (42. f4 Rxf4 43. Ke3 Rf1 44. Ra7 Ra1 45. Kd4 Kc6 46.
Ra8 Kb6 $19) 42... Rxf2+ 43. Kd3 Rxb2 44. Rxa6+ Ke5 45. Rb6 Rb3+ 46. Kd2 Kxe4
47. Rxf6 Rc3 $1 {this is the point. The only winning move.} 48. Rd6 (48. Rh6
Kd4 49. Rh4+ Kc5 50. Rg4 Rc4 $19) 48... Ke5 49. Rd8 Rc5 50. Rh8 Kd5 51. Rd8+
Kc6 52. Rf8 Rc4 $19) 42. Rh5 (42. f4 Rb1 $1 43. Kc2 (43. e5+ fxe5 44. fxe5+ Kd5
45. Kc2 Re1 $19) 43... Re1 44. Kd3 a4 $19) 42... Kc6 43. Rf5 (43. Rh6 Kc5)
43... a4 {My pawns are just much more dangerous} 44. Rxf6+ Kc5 45. Rf5+ (45.
Kd3 Ra2 $1 46. Rf5+ Kc6 47. Rf6+ (47. b3 axb3 $5 48. Rf6+ Kd7 49. Rb6 Ra1 $1 {
nice structure}) 47... Kd7 $19) 45... Kc4 46. e5 a3 47. Rf4+ Kc5 48. bxa3 bxa3
49. Kc2 b4 50. e6 Re1 51. e7 a2 52. Rf5+ Kc4 53. Rf4+ Kb5 54. Rf5+ Ka4 55. Rf7
b3+ 56. Kd2 b2 0-1